Trade union challenges at teh beginning of the 21st century (Record no. 1459136)

MARC details
000 -LEADER
fixed length control field 00587nam a2200205Ia 4500
005 - DATE AND TIME OF LATEST TRANSACTION
control field 20250923150049.0
008 - FIXED-LENGTH DATA ELEMENTS--GENERAL INFORMATION
fixed length control field 008 250917s9999 xx 000 0 eng d
037 ## - SOURCE OF ACQUISITION
Stock number Textual
040 ## - CATALOGING SOURCE
Original cataloging agency DSWL
Language of cataloging eng
Transcribing agency DSWL
041 ## - LANGUAGE CODE
Language code of text/sound track or separate title eng
Source of code eng
084 ## - COLON CLASSIFICATION NUMBER
Classification number X:97Dx, POO
Assigning agency DSWL
245 #0 - TITLE STATEMENT
Title Trade union challenges at teh beginning of the 21st century
Statement of responsibility, etc. Ed.by Ratnam Venkata
260 ## - PUBLICATION, DISTRIBUTION, ETC.
Place of publication, distribution, etc. New delhi
Name of publisher, distributor, etc. Excel Books
Date of publication, distribution, etc. 2000
300 ## - PHYSICAL DESCRIPTION
Extent 270p.
365 ## - TRADE PRICE
Price type code INR
Price amount 200
700 ## - ADDED ENTRY--PERSONAL NAME
Personal name P Sinha
9 (RLIN) 841804
925 ## -
-- 200
942 ## - ADDED ENTRY ELEMENTS (KOHA)
Koha item type Textual
Classification part X:97Dx, POO
Holdings
Withdrawn status Lost status Damaged status Not for loan Home library Current library Date acquired Total Checkouts Full call number Barcode Date last seen Price effective from Koha item type
        Department of Social Work Library Department of Social Work Library 2025-09-23   X:97Dx, POO SW0027625 2025-09-23 2025-09-23 Textual
Copyright @ Delhi University Library System